000 00426nam a2200157Ia 4500
008 210716s2017 xx 000 0 und d
020 _a9788131533215
041 _aeng
082 _a621.3192 VENK
100 _aVenkatesh, K Channa; Rao, D Ganesh.
245 _aNetwork analysis.
250 _a1
260 _aNew Delhi
_bCengage Learning India Pvt Ltd
_c2017
300 _aix,801
650 _aNetwork Protocols(621.38212)
999 _c195802
_d195802